000 00603nam a2200229Ia 4500
003 OSt
005 20220924152124.0
006 a|||||r|||| 00| 0
007 ta
008 220923b |||||||| |||| 00| 0 mar d
024 _a341025
037 _cTextual
040 _aARTS
_cARTS
_bmar
041 _2mar
_amar
082 _aO155,3M93,3, G8
100 _aKetkar Shreedhar vyankatesh
_9225881
245 0 _aBhatakya
260 _c1938
650 _aMARATHI LITERATURE
_938000
942 _hO155,3M93,3, G8
_cTEXL
_2CC
999 _c468795
_d468795